| 000 | 00758nam a2200217 i 4500 | ||
|---|---|---|---|
| 001 | 81254 | ||
| 003 | ES-MaACL | ||
| 005 | 20250708063322.0 | ||
| 007 | t| | ||
| 008 | 041103s1909 xxk ||||1| eng d | ||
| 100 | 1 |
_aHume, David, _d1711-1776 _964719 |
|
| 245 | 1 | 2 |
_aA Treatise of human nature... and Dialogues concerning natural Religion / _cDavid Hume ; edited with preliminary dissertations and notes by T.H. Green and T.H. Groose. |
| 250 | _aNew imp. | ||
| 260 |
_aLondon : _b[s.n.], _c1909 ( _fSpottiswoode and Company) |
||
| 300 |
_a2 v. ; _c23 cm. |
||
| 500 | _aEl vol II de la edición de 1898. | ||
| 700 | 1 |
_aGreen, Thomas Hill. _959850 |
|
| 700 | 1 |
_aGroose, T. H. _960138 |
|
| 852 |
_aES-MaACL _jG-11894-95 |
||
| 999 |
_c81254 _d81254 |
||